000 00439nam a2200169 a 4500
001 1421
003 CO-ViMGA
008 141112s2004 ck r 000 u spa d
040 _aCO-ViMGA
_bspa
_cCO-ViMGA
082 0 4 _aCo863.44 H686p
100 1 _aHoyos, Andres
245 1 0 _aPor el sendero de los Ángeles caidos
260 _aBogotá :
_bCarlos Valencia,
_c1989
300 _a297 p
650 1 4 _aNOVELA COLOMBIANA
_91193
942 _2ddc
_cBK
999 _c13623
_d13623